| 000 | 01205nam a22003610a 4500 | ||
|---|---|---|---|
| 001 | PT4601 | ||
| 003 | AR-LpoUNG | ||
| 005 | 20210131231900.0 | ||
| 008 | 191001s1997||||ag |||||||||||||||||spa d | ||
| 020 |
_a9505816413 _c$6.55 |
||
| 040 |
_aAR-LpoUNG _bspa _cAR-LpoUNG _eaacr |
||
| 041 | _aspa | ||
| 044 | _aag | ||
| 082 | 0 | _a410 332ta | |
| 100 | 1 | _aMaritano, Alma | |
| 245 | 1 | 0 |
_aTaller de escritura : _ba aventura de escribir |
| 250 | _a1º edición - 2ª reimpresión | ||
| 260 |
_aBuenos Aires : _bColihue, _c1997. |
||
| 300 |
_a207 p. : _bgráfs. |
||
| 520 | _aTaller de escritura quiere contribuir a que coordinadores, docentes y todos aquellos que busquen encaminar sus inquietudes literarias puedan rescatar esas voces singulares dentro del grupo con el que trabajan, o dentro de sí mismos, para que lleguen al mundo del lector. | ||
| 650 | 4 | _aAPRENDIZAJE | |
| 650 | 4 | _aAUTOAPRENDIZAJE | |
| 650 | 4 | _aDOCENTES | |
| 650 | 4 | _aENSEÑANZA | |
| 650 | 4 | _aESCRITURA | |
| 650 | 4 | _aLINGÜISTICA | |
| 650 | 4 | _aMETODOS PEDAGOGICOS | |
| 651 | 4 | _aDOCUMENTOS TEORICOS O METODOLOGICOS | |
| 700 | 1 | _aBallestero, Graciela | |
| 700 | 1 | _aPiaggio, Raquel | |
| 905 | _a4601 | ||
| 942 | _cLIB | ||
| 999 |
_c12394 _d12394 |
||